Working words in spelling / (Record no. 2281)

000 -LEADER
fixed length control field nam a22 a 4500
003 - CONTROL NUMBER IDENTIFIER
control field AKMAL
005 - DATE AND TIME OF LATEST TRANSACTION
control field 20170516085630.0
008 - FIXED-LENGTH DATA ELEMENTS--GENERAL INFORMATION
fixed length control field 170516s1985 mau j 000 0 eng d
020 ## - INTERNATIONAL STANDARD BOOK NUMBER
International Standard Book Number 06692032856
040 ## - CATALOGING SOURCE
Original cataloging agency AKMAL
082 04 - DEWEY DECIMAL CLASSIFICATION NUMBER
Classification number 421.54 WOO
Edition number 22
090 10 - LOCALLY ASSIGNED LC-TYPE CALL NUMBER (OCLC); LOCAL CALL NUMBER (RLIN)
Classification number (OCLC) (R) ; Classification number, CALL (RLIN) (NR) 421.54
Local cutter number (OCLC) ; Book number/undivided call number, CALL (RLIN) WOO
245 1# - TITLE STATEMENT
Title Working words in spelling /
Statement of responsibility, etc. by G. Willard Woodruff, George N. Moore ; with Robert G. Forest, Richard A. Talbot, Ann R. Talbot; designed by Graphic Associates, illustrated by Will Winslow
260 ## - PUBLICATION, DISTRIBUTION, ETC.
Place of publication, distribution, etc. Lexington, Massachusetts :
Name of publisher, distributor, etc. D.C. Heath and Company
Date of publication, distribution, etc. 1985
300 ## - PHYSICAL DESCRIPTION
Extent 176p:
Other physical details ill. ;
490 1# - SERIES STATEMENT
Series statement Spelling Skills Center : primary
650 10 - SUBJECT ADDED ENTRY--TOPICAL TERM
Topical term or geographic name entry element English language
General subdivision Orthography and spelling
Form subdivision Problems, exercises, etc.
9 (RLIN) 4799
830 #0 - SERIES ADDED ENTRY--UNIFORM TITLE
Uniform title Spelling Skills Center : primary
9 (RLIN) 4800
942 ## - ADDED ENTRY ELEMENTS (KOHA)
Source of classification or shelving scheme
Koha item type Book
Holdings
Withdrawn status Lost status Source of classification or shelving scheme Damaged status Not for loan Collection code Home library Current library Shelving location Date acquired Inventory number Total Checkouts Full call number Barcode Date last seen Price effective from Koha item type
          NON-FICTION AKMAL Melaka AKMAL Melaka PINJAMAN 16.05.2017 400195   421.54 WOO 201706687 16.05.2017 16.05.2017 Book
Pusat Sumber Maklumat Dato' Haji Sarmin Md Hussin, Akademi Kastam Diraja Malaysia, Melaka
Tel: 06-2331106 | Faks: 06-2313787